000 00385cam a2200145ua 4500
041 _aeng
_h
082 _a821
_bPRI/LI
100 _aPrior, Matthew .
245 _aLiterary works of Matthew Prior, Vol 2 /
_cMatthew Prior.
_hTextual Documents
260 _aLondon :
_bOxford at the Clarendon Press ,
_c1959.
300 _a1094 ; .
504 _a
942 _cBK
999 _c5167
_d5167